| 000 | 00837nam a22001577a 4500 | ||
|---|---|---|---|
| 003 | OSt | ||
| 005 | 20160316154845.0 | ||
| 008 | 160316b xxu||||| |||| 00| 0 eng d | ||
| 040 | _cRUA | ||
| 082 | _aAGR PON 2009 B471 Or.1 | ||
| 100 |
_98031 _aPONG SAMNANG ; ប៉ុង សំណាង |
||
| 245 | _aComparison of different organic fertilizer on yard long bean at crop station of royal university of agriculture, ការប្រៀបធៀបជីធម្មជាតិប្រភេទផ្សេងៗគ្នា ទៅលើដំណាំសណ្ដែកកួរ នៅក្នងស្ថានីយ៍ពសោធន៍ដំណាំនៃសាកលវិទ្យាល័យភូមិន្ទកសិកម្ម | ||
| 260 |
_aPhnom Penh _bRUA _c2009 |
||
| 300 |
_axii ;46p. _bill. _c29cm. |
||
| 942 |
_2ddc _cAGR |
||
| 999 |
_c7629 _d7629 |
||